5HLuxD.jpg

KING HENRY VIII SENIOR AND PRIMARY SCHOOL LIBRARY OPAC

Fright night / (Record no. 3090)

000 -LEADER
fixed length control field 02156cam a2200469 i 4500
001 - CONTROL NUMBER
control field (Sirsi) a1122327
003 - CONTROL NUMBER IDENTIFIER
control field OSt
005 - DATE AND TIME OF LATEST TRANSACTION
control field 20231004114110.0
008 - FIXED-LENGTH DATA ELEMENTS--GENERAL INFORMATION
fixed length control field 140227r20132011nyuab c 000 1 eng d
010 ## - LIBRARY OF CONGRESS CONTROL NUMBER
LC control number 2013404656
020 ## - INTERNATIONAL STANDARD BOOK NUMBER
International Standard Book Number 9780545393492
Qualifying information (paperback) :
040 ## - CATALOGING SOURCE
Original cataloging agency TOH
Language of cataloging eng
Transcribing agency DLC
Modifying agency TOH
-- YDXCP
-- BTCTA
-- WIM
-- CXP
-- MLY
-- WL8
-- OI6
-- OCP
-- UPZ
-- DAD
-- BDX
-- OCLCO
-- OCLCF
-- OCLCO
-- VP@
-- AA5
-- OCLCO
-- OCLCQ
-- NZIPP
-- GRR
-- IAD
-- OCL
-- BYV
-- CHILD
-- OCLCQ
-- ALOPL
-- OCLCO
-- GRC
-- OCLCQ
-- OCLCO
-- YT6
-- KVIJL
-- OCLCQ
-- TAE
-- KH8
Description conventions rda
041 1# - LANGUAGE CODE
Language code of text/sound track or separate title eng
Language code of original ita
042 ## - AUTHENTICATION CODE
Authentication code nbic
082 0# - DEWEY DECIMAL CLASSIFICATION NUMBER
Classification number 853.92 STI
100 1# - MAIN ENTRY--PERSONAL NAME
Personal name Stilton, Geronimo,
Relator term author.
240 10 - UNIFORM TITLE
Uniform title Il rap della paura.
Language of a work English.
245 10 - TITLE STATEMENT
Title Fright night /
Statement of responsibility, etc. [text by Geronimo Stilton ; illustrations by Ivan Bigarella and Daria Cerchi ; translated by Lidia Morson Tramontozzi]
264 #1 - PRODUCTION, PUBLICATION, DISTRIBUTION, MANUFACTURE, AND COPYRIGHT NOTICE
Place of production, publication, distribution, manufacture New York :
Name of producer, publisher, distributor, manufacturer Scholastic,
Date of production, publication, distribution, manufacture, or copyright notice [2013]
264 #4 - PRODUCTION, PUBLICATION, DISTRIBUTION, MANUFACTURE, AND COPYRIGHT NOTICE
Date of production, publication, distribution, manufacture, or copyright notice ©2011.
300 ## - PHYSICAL DESCRIPTION
Extent 111 pages :
Other physical details color illustrations, color map ;
Dimensions 20 cm.
336 ## - CONTENT TYPE
Content type term text
Content type code txt
Source rdacontent.
337 ## - MEDIA TYPE
Media type term unmediated
Media type code n
Source rdamedia.
338 ## - CARRIER TYPE
Carrier type term volume
Carrier type code nc
Source rdacarrier.
490 1# - SERIES STATEMENT
Series statement Creepella von Cacklefur ;
Volume/sequential designation 5.
520 ## - SUMMARY, ETC.
Summary, etc. "Creepella's father, Boris von Cacklefur, is a finalist in the Fright Night contest--Gloomeria's prestigious poetry competition. If he can perform the most terrifying rhymes, he will be crowned Fright Night Idol! But midway through the contest, Boris mysteriously disappears. Can Creepella and her friends find him before the final round?"--Page 4 of cover.
521 1# - TARGET AUDIENCE NOTE
Target audience note Ages 7-10.
546 ## - LANGUAGE NOTE
Language note Translated from the Italian.
600 10 - SUBJECT ADDED ENTRY--PERSONAL NAME
Personal name Stilton, Geronimo
Form subdivision Juvenile fiction.
650 #0 - SUBJECT ADDED ENTRY--TOPICAL TERM
Topical term or geographic name entry element Mice
Form subdivision Juvenile fiction.
650 #0 - SUBJECT ADDED ENTRY--TOPICAL TERM
Topical term or geographic name entry element Missing persons
Form subdivision Juvenile fiction.
650 #0 - SUBJECT ADDED ENTRY--TOPICAL TERM
Topical term or geographic name entry element Contests
Form subdivision Juvenile fiction.
650 #1 - SUBJECT ADDED ENTRY--TOPICAL TERM
Topical term or geographic name entry element Stilton, Geronimo (Fictitious character)
Form subdivision Fiction.
650 #1 - SUBJECT ADDED ENTRY--TOPICAL TERM
Topical term or geographic name entry element Mice
Form subdivision Fiction.
650 #1 - SUBJECT ADDED ENTRY--TOPICAL TERM
Topical term or geographic name entry element Missing persons
Form subdivision Fiction.
650 #1 - SUBJECT ADDED ENTRY--TOPICAL TERM
Topical term or geographic name entry element Contests
Form subdivision Fiction.
700 1# - ADDED ENTRY--PERSONAL NAME
Personal name Bigarella, Ivan,
Dates associated with a name 1984-
Relator term illustrator.
700 1# - ADDED ENTRY--PERSONAL NAME
Personal name Cerchi, Daria,
Relator term illustrator.
700 1# - ADDED ENTRY--PERSONAL NAME
Personal name Tramontozzi, Lidia Morson,
Relator term translator.
830 #0 - SERIES ADDED ENTRY--UNIFORM TITLE
Uniform title Creepella von Cacklefur ;
Volume/sequential designation 5.
942 ## - ADDED ENTRY ELEMENTS (KOHA)
Source of classification or shelving scheme
Koha item type Books - Fiction
Holdings
Withdrawn status Lost status Source of classification or shelving scheme Damaged status Not for loan Collection code Permanent Location Current Location Shelving location Date acquired Total Checkouts Full call number Barcode Date last seen Date last checked out Price effective from Koha item type
          Fiction KH8 Primary School Library KH8 Primary School Library Fiction 2023-10-04 12 853.92 STI KHPL000004300 2025-12-05 2025-11-17 2023-10-04 Books - Fiction

Powered By KH8 IT Dept